Limberwisk Country Quiz - Statistics

General Stats
  • This quiz has been taken 77 times
  • The average score is 7 of 17
Answer Stats
Hint Answer % Correct
What ocean is Limberwisk found in? {Arctic} Ocean
84%
Which 4 colors can be found on the flag? White
70%
Which 4 colors can be found on the flag? Black
68%
Which 4 colors can be found on the flag? Blue
68%
Which island was disputed between Norway? Jan Mayen
66%
Which 4 colors can be found on the flag? Orange
64%
What territory is Limbwerwisk's "best friend"? Greenland
54%
What are the 3 largest islands? Hush
48%
What is the capital city? Alkalai Clow
41%
What are the 3 largest islands? Fuw
39%
What are the 3 largest islands? Lef
30%
What festival is held in mid-January and involves pushing people off icebergs? {Aurora} Festival
25%
What are the next 2 largest cities? Ineq
25%
What is the national animal? Orca
23%
What are the next 2 largest cities? Aput
20%
What is the tallest mountain there? Beerenberg Peak
14%
What fruit makes up 11% of Limberwisk's GDP Bulba Fruit
7%
No matching quizzes found
Score Distribution
Percent of People with Each Score
Percentile by Number Answered
Your Score History
You have not taken this quiz